เปลี่ยนเป็นภาษาไทย

Change to English
 แสดงรายละเอียดบรรณานุกรม
  กลับหน้าหลัก

Brief Record : Get Marc (ISO 2709) : E-mail record : QR code กลับ
E-books : เกี่ยวกับ Collections
LEADER 00000nam 2200000uu 4500
001    13399128677
003     BCNR
008    231220s2567||||th 000 0 tha d
020    ^a9786168122181
041    ^atha
060 04 ^aWX218^bI17 2567
245 10 ^aICU survival guidebook /^cสุทัศน์ รุ่งเรืองหิรัญญา, เพชร วัชรสินธุ์, พัฒนพล อร่ามอารีรักษ์, นลิน โชคงามวงศ์, มนัสนันท์ คงวิบูลยวุฒิ, ภัทริน ภิรมย์พานิช, อนุพล พาณิชย์โชติ และ กวีศักดิ์ จิตตวัฒนรัตน์, บรรณาธิการ
250    ^aพิมพ์ครั้งที่ 5
260    ^aกรุงเทพฯ :^bสมาคมเวชบำบัดวิฤตแห่งประเทศไทย,^c2567
300    ^a253 หน้า:^bภาพประกอบ, ตาราง, แผนภูมิ ;^c21 ซม.
505 0  ^aPart 1 : General care -- 1. Basic principles of critical care -- 2. Pain & sedation -- 3. Vasopressors & inotropes -- 4. Intravenous fluid -- 5. Blood product administration -- 6. Nutrition Therapy -- 7. Personal protective Equipment -- 8. Management of airborne & droplet transmission of contagious disease -- Part 2 : Acute conditions -- 9. Cerebrovascular diseases -- 10. Status epilepticus -- 11. Sepsis & septic shock -- 12. Acute coronary syndrome -- 13. Hypertensive emergency -- 14. Cardiac tamponade -- 15. Cardiac arrest -- 16. Tension pneumothorax -- 17. Acute respiratory distress syndrome -- 18. Acute respiratory distress syndrome -- 19. Management of severe COVID-19 -- 20. Asthma & COPD exacerbation -- 21. Massive gastrointestinal bleeding -- 22. Acute pancreatitis -- 23. Paracetamol overdose -- 24. Dysnatremia -- 25. Dyskalemia -- 26. Metabolic acidosis -- 27. Acute kidney injury -- 28. Snake bite -- 29. Dengue shock syndrome -- 30. Anaphylaxis -- 31. Severe cutaneous drug eruption -- 32. Hyperglycemic emergency -- 33. Hypoglycemia -- 34. Thyroid storm -- 35. Gut obstruction -- 36. Acute abdomen -- 37. Pneumonia -- Part 3 : Procedures & medications -- 38. Focus assessment with sonography in trauma (FAST) -- 39. Endotracheal intubation -- 40. Oxygen therapy -- 41. Central venous catheter placement -- 42. Needle thoracentesis -- 43. Intercostal drainage placement -- 44. Pericardiocentesis -- 45. High flow nasal cannula (HFNC) -- 46. Non-invasive ventilation -- 47. Initial ventilator setting -- 48. Prone positing -- 49. Cricothyroidotomy -- Part 4 : Normal laboratory values -- Hematology -- Gastrointestinal -- Pulmonary & critical care -- Infection -- Cardiovascular -- Renal & electrolyte -- Endocrine -- Therapeutic drugs -- Others
650  4 ^aหน่วยรักษาพยาบาลผู้ป่วยหนัก
650  2 ^aIntensive Care Unites
650  4 ^aผู้ป่วยหนัก, การดูแล
700 0  ^aสุทัศน์ รุ่งเรืองหิรัญญา,^eบรรณาธิการ
700 0  ^aเพชร วัชรสินธุ์,^eบรรณาธิการ
700 0  ^aพัฒนพล อร่ามอารีรักษ์,^eบรรณาธิการ
700 0  ^aนลิน โชคงามวงศ์,^eบรรณาธิการ
700 0  ^aมนัสนันท์ คงวิบูลยวุฒิ,^eบรรณาธิการ
700 0  ^aภัทริน ภิรมย์พานิช,^eบรรณาธิการ
700 0  ^aอนุพล พาณิชย์โชติ,^eบรรณาธิการ
700 0  ^aกวีศักดิ์ จิตตวัฒนรัตน์,^eบรรณาธิการ
710 2  ^aสมาคมเวชบำบัดวิฤตแห่งประเทศไทย
999    ^aบรรณารักษ์
รายการนี้ยังไม่มีแท็ก
คุณยังไม่ได้ล็อกอิน คุณสามารถมีกิจกรรมร่วมกับเว็บไซต์ได้ แต่ต้องล็อกอินก่อน ::
  ล็อกอิน
ลำดับที่ ประเภท เลขเรียก/บาร์โค้ด สถานที่ สถานะ
1. หนังสือ
หนังสือ
WX218 I17 2567 c.1 
  Barcode: 086860
ห้องสมุดสาขาหลัก
►หนังสือทั่วไป
On Shelf
2. หนังสือ
หนังสือ
WX218 I17 2567 c.2 
  Barcode: 086861
ห้องสมุดสาขาหลัก
►หนังสือทั่วไป
On Shelf
3. หนังสือ
หนังสือ
WX218 I17 2567 c.3 
  Barcode: 086862
ห้องสมุดสาขาหลัก
►หนังสือทั่วไป
On Shelf
4. หนังสือ
หนังสือ
WX218 I17 2567 c.4 
  Barcode: 087873
ห้องสมุดสาขาหลัก
►หนังสือทั่วไป
On Shelf
5. หนังสือ
หนังสือ
WX218 I17 2567 c.5 
  Barcode: 087874
ห้องสมุดสาขาหลัก
►หนังสือทั่วไป
On Shelf
6. หนังสือ
หนังสือ
WX218 I17 2567 c.6 
  Barcode: 087875
ห้องสมุดสาขาหลัก
►หนังสือทั่วไป
On Shelf
7. หนังสือ
หนังสือ
WX218 I17 2567 c.7 
  Barcode: 087876
ห้องสมุดสาขาหลัก
►หนังสือทั่วไป
On Shelf
8. หนังสือ
หนังสือ
WX218 I17 2567 c.8 
  Barcode: 087877
ห้องสมุดสาขาหลัก
►หนังสือทั่วไป
On Shelf
9. หนังสือ
หนังสือ
WX218 I17 2567 c.9 
  Barcode: 087878
ห้องสมุดสาขาหลัก
►หนังสือทั่วไป
On Shelf
10. หนังสือ
หนังสือ
WX218 I17 2567 c.10 
  Barcode: 087879
ห้องสมุดสาขาหลัก
►หนังสือทั่วไป
On Shelf
   [แสดง 10/10 รายการ]

รายการใกล้เคียง
    หัวเรื่อง [หน่วยรักษาพยาบาลผู้ป่วยหนัก]
    หัวเรื่อง [Intensive Care Unites]
    หัวเรื่อง [ผู้ป่วยหนัก, การดูแล]

BibComment


ยังไม่เคยถูกคอมเมนท์

คอมเมนท์ทรัพยากรรายการนี้
  คอมเมนท์: ICU survival gui..
Bib 13399128677

 
 
 

 Union Library Management : ULibM
Copyright 2026. All Rights Reserved.